000 00974nam0a2200265 4500
001 RU\NLR\bibl\734880
005 20260407064837.0
021 _aRU
_b2004-57432
_92827
035 _a(NLR Aleph) 000724809
090 _a725592
_c725592
100 _a20050314d2004 |||y0rusy50 ca
101 0 _arus
102 _aRU
105 _aa |||||||||
200 1 _aКаталог радиаторных терморегуляторов и запорно-присоединительных элементов
_f[Danfoss]
210 _a[Москва]
_cЗАО Данфосс
_d2004
215 _a64 с.
_cил.
_d29
606 1 _aВодяное отопление
_jКаталоги
_xОборудование
_91297158
_3RU\NLR\auth\66219347
686 _aН762.101.1я87
711 0 2 _4070
_a"Данфосс", фирма
_cДания
_3RU\NLR\AUTH\8810032248
_9563039
801 0 _aRU
_bNLR
_c20050314
_gPSBO
801 1 _aRU
_bNLR
_c20050314
942 _cBOOK
980 _aNB